000 00699nam a2200181 a 4500
001 000041371
005 20201002034830.0
008 131001s1991 sp 000 0 spa d
020 _a8400071689
040 _aDO-SdBNP
_bspa
_cBNPHU
100 1 _aAldea Vaquero, Quintín
_968022
245 1 0 _aEspaña y Europa en el siglo XVII :
_bcorrespondencia de Saabedra Fajardo /
_cQuintín Aldea Vaquero,.
260 _aMadrid :
_bConsejo Superior de Investigaciones Científicas,
_c1991.
300 _a631 p. ;
_c25 cm.
504 _aIncluye referencias bibliográficas y notas al pie de las páginas
700 1 _aFajardo, Saabedra
_968023
710 2 _aConsejo Superior de Investigaciones Científicas,
_94786
999 _c40861
_d40861